000 00781nam a22001817a 4500
003 OSt
005 20251124133505.0
008 251124b |||||||| |||| 00| 0 eng d
040 _cDCL
082 _a၂၉၄.၃၈၂၂၂
130 _aတိပိဋက။
_pဝိနယပိဋက။
_tပါစိတ္တိယ၊
_lအဋ္ဌကထာ။
245 _aပါစိတျာဒိအဋ္ဌကထာ။
264 _aရန်ကုန် ၊
_bသာသနာရေးဦးစီး၊
_c၁၉၇၀။
300 _a၄၈၂ စာမျက်နှာ ၊
_c၂၆ စင်တီ။
650 _aပါစိတ္တိယ
_vအဋ္ဌကထာ။
650 _aပါစိတျာ
_vအဋ္ဌကထာ။
942 _2ddc
_cSHORT TERM
_n0
999 _c2598
_d2598